Türkiye'de yönetsel denetim ve Devlet Denetleme Kurulu / (Kayıt no. 10184)

MARC ayrıntıları
000 -BAŞLIK
Sabit Uzunluktaki Kontrol Alanı 00955nam a22002297a 4500
003 - KONTROL NUMARASI KİMLİĞİ
Kontrol Alanı KOHA_MİRAKIL
005 - EN SON İŞLEM TARİHİ ve ZAMANI
Kontrol Alanı 20260408092537.0
008 - SABİT UZUNLUKTAKİ VERİ ÖGELERİ - GENEL BİLGİ
Sabit Alan 260408b tu ||||| |||| 00| 0 tur d
020 ## - ISBN - ULUSLARARASI STANDART KİTAP NUMARASI
Isbn 9757669946
040 ## - KATALOGLAMA KAYNAĞI
Özgün Kataloglama Kurumu TR-AnABB
Kataloglama Dili tur
Çeviri Kurumu TR-AnABB
041 ## - DİL KODU
Metin ya da ses kaydının dil kodu tur
082 ## - DEWEY ONU SINIFLAMA SİSTEMİ
Sınıflama Numarası 354.561009
Cutter numarası SAN 2002
100 1# - KİŞİ ADI
Yazar Adı (Kişi adı) Sanal, Recep
245 10 - ESER ADI BİLDİRİMİ
Başlık Türkiye'de yönetsel denetim ve Devlet Denetleme Kurulu /
Sorumluluk Bildirimi Recep Sanal
260 ## - YAYIN, DAĞITIM, VB.
Yayın Yeri Ankara :
Yayınevi TODAİE,
Yayın Tarihi 2002
300 ## - FİZİKSEL TANIMLAMA
Sayfa, Cilt vb. 424 sayfa ;
Boyutları 20 cm
505 ## - İÇİNDEKİLER NOTU
İçindekiler Notu İçindekiler: Yönetsel denetimin kuramsal temeli - Dünyada yönetsel denetim - Türkiye'de yönetsel denetim - Devlet Denetleme Kurulu - DDK Raporlarının sonuçları üzerine bir inceleme - Türkiye'deki Denetim birimlerinin sorunları ve devlet denetleme kurulunun geleceği
650 04 - KONU BAŞLIĞI EK GİRİŞ - KONU TERİMİ
Konusal terim veya coğrafi ad Merkezi yönetimler
650 04 - KONU BAŞLIĞI EK GİRİŞ - KONU TERİMİ
Konusal terim veya coğrafi ad Merkezi yönetimler, Denetleme ve Kontrol
900 ## - YEREL BİLGİ
Kontrol Can ÇELIK
942 ## - EK GİRİŞ ÖGELERİ (KOHA)
Sınıflama Kaynağı Dewey Decimal Classification
Materyal Türü Kitap
Mevcut
Geri Çekilme Durumu Kayıp Durumu Sınıflandırma Kaynağı Kredi için değil Kalıcı Konum Mevcut Konum Kayıt Tarih Toplam Ödünçverme Yer Numarası Demirbaş Numarası Son Görülme Tarihi Fatura Tarihi Materyal Türü
    Dewey Decimal Classification   Prof. Dr. Ruşen Keleş Kütüphanesi Prof. Dr. Ruşen Keleş Kütüphanesi 08/04/2026   354.561009 SAN 2002 RK7036 08/04/2026 08/04/2026 Kitap